000 00465nam a2200133Ia 4500
008 100328s9999 xx 000 0 und d
082 _b60002
100 _aमराठे रमा.
245 _aस्वभावाला औषा आहे.
260 _bमेहता पब्लिशिंग हाऊस.
630 _aस्वभावाला औषा आहे.
730 _aस्वभावाला औषा आहे.
942 _cBOOK
999 _c546175
_d546172